| 000 | 00692nam a22001337a 4500 | ||
|---|---|---|---|
| 040 | _cRUA | ||
| 082 | _aAGR TEP 2014 B458 Or.1 | ||
| 100 | _aTEP SREYMOM ; ទេព ស្រីមុំ | ||
| 245 | _aEffect of using fertilizer by drip irrigation system on corn (zea mayus) , ប្រសិទ្ធភាពនៃការប្រើប្រាស់ជីតាមប្រព័ន្ធស្រោចស្រពដោយដំណក់ទឹក (Drip) លើដំណាំពោត (Zea mays ) | ||
| 260 |
_aPhnom Penh _bRUA _c2014 |
||
| 300 |
_axii ;57p. _bill. _c29cm. |
||
| 856 | _uhttps://drive.google.com/file/d/1ZAqR3lqw6izgg_0z91l4K8araTCDny5k/view?usp=sharing | ||
| 942 | _cAGR | ||
| 999 |
_c7487 _d7487 |
||